[Event "Guelph Summer Pro-Am"]
[Site "Guelph"]
[Date "2012.06.24"]
[Round "5"]
[White "Zhang, Yuanchen"]
[Black "Khayutin, Constantine"]
[Result "0-1"]
[WhiteElo "2005"]
[BlackElo "1943"]
[PlyCount "60"]
[EventDate "2012.06.22"]
[EventType "swiss"]
[EventRounds "5"]
[EventCountry "CAN"]
[SourceTitle "EXT 2022"]
[Source "ChessBase"]
[SourceDate "2021.10.06"]
[SourceVersion "1"]
[SourceVersionDate "2021.10.06"]
[SourceQuality "1"]

1. d4 Nf6 2. c4 e6 3. Nc3 Bb4 4. e3 0-0 5. Bd3 c5 6. Nf3 d5 7. 0-0 dxc4 8. Bxc4 cxd4 9. exd4 a6 10. Qe2 b5 11. Bd3 Bb7 12. Rd1 Nc6 13. Bg5 Be7 14. Rac1 Nb4 15. Bb1 Rc8 16. a3 Nbd5 17. Qd3 g6 18. Ne5 Nxc3 19. Rxc3 Rxc3 20. bxc3 Nd5 21. Bh6 Re8 22. Qf3 Bf6 23. Rc1 Qe7 24. Be4 Bg7 25. Bxg7 Kxg7 26. c4 bxc4 27. Rxc4 f6 28. Nc6 Qc7 29. Ne5 Qd6 30. Qb3 Rb8 0-1

[Event "Hamilton Summer op"]
[Site "Hamilton"]
[Date "2010.08.21"]
[Round "2"]
[White "Liu, Steven2222"]
[Black "Khayutin, Constantine"]
[Result "0-1"]
[WhiteElo "1876"]
[BlackElo "1968"]
[PlyCount "90"]
[EventDate "2010.08.21"]
[EventType "swiss"]
[EventRounds "5"]
[EventCountry "CAN"]
[SourceTitle "EXT 2022"]
[Source "ChessBase"]
[SourceDate "2021.10.06"]
[SourceVersion "1"]
[SourceVersionDate "2021.10.06"]
[SourceQuality "1"]

1. Nf3 d5 2. c4 c6 3. d4 Nf6 4. Bf4 e6 5. c5 b6 6. b4 a5 7. bxa5 bxc5 8. Qa4 Rxa5 9. Qc2 Ba6 10. Bd2 Rb5 11. e3 c4 12. a4 Rb3 13. Bc3 Bb4 14. Nfd2 Bxc3 15. Nxc3 Rb4 16. Na2 Rb7 17. Rb1 0-0 18. Be2 Rxb1+ 19. Nxb1 Qa5+ 20. Nbc3 c5 21. dxc5 Ne4 22. 0-0 Nxc5 23. f4 f5 24. g4 Ne4 25. Nxe4 fxe4 26. f5 exf5 27. gxf5 Qb6 28. Qc3 Nc6 29. Bg4 Qb3 30. Rf2 Qxa4 31. f6 Nd8 32. Nb4 Bb7 33. Rf5 Rxf6 34. Nxd5 Bxd5 35. Rxd5 Nf7 36. Ra5 Qc6 37. Qb4 Nd6 38. Rc5 Qa6 39. Qb8+ Kf7 40. Qc7+ Kg6 41. h4 Qa1+ 42. Kg2 Qf1+ 43. Kg3 Qf2+ 44. Kh3 Qxe3+ 45. Bf3 Rxf3+ 0-1